[Event "Arco op 46th"]
[White "Bozzao, Francesco"]
[Black "Schleime, Franz Josef"]
[Site "Arco"]
[Round "2"]
[Result "1-0"]
[Date "2024.10.06"]
[WhiteElo "1856"]
[BlackElo "1746"]
[PlyCount "85"]
[EventDate "2024.10.05"]
[EventType "swiss"]
[EventRounds "9"]
[EventCountry "ITA"]
[SourceTitle "CB44_2024"]
[Source "Chessbase"]
[SourceDate "2024.10.30"]
[SourceVersion "1"]
[SourceVersionDate "2024.10.30"]
[SourceQuality "1"]

1. Nf3 Nf6 2. g3 b6 3. Bg2 Bb7 4. 0-0 e6 5. c4 c5 6. Nc3 Be7 7. e3 0-0 8. d4 d6 9. b3 Nbd7 10. Bb2 a6 11. Re1 Qc7 12. Rc1 Rad8 13. d5 e5 14. Nh4 g6 15. f4 Nh5 16. Bf3 Ng7 17. Ng2 f5 18. e4 Bf6 19. exf5 Nxf5 20. Ne4 Bg7 21. Ng5 Nf6 22. Ne6 Qf7 23. fxe5 dxe5 24. Nxd8 Rxd8 25. Bxe5 Bh6 26. Nf4 Bc8 27. Rc2 Qf8 28. Qa1 Bg7 29. Rce2 Nd4 30. Bxd4 cxd4 31. Qxd4 Nxd5 32. Bxd5+ Kh8 33. Qxb6 Rd6 34. Qe3 Bd7 35. Qe7 Bd4+ 36. Kg2 Qf6 37. Qxf6+ Rxf6 38. Re7 Bf5 39. Ne6 Bxe6 40. R1xe6 Rf2+ 41. Kh3 g5 42. Rc6 g4+ 43. Kxg4 1-0

[Event "Arco op 46th"]
[White "Schleime, Franz Josef"]
[Black "Fasiello, Andrea"]
[Site "Arco"]
[Round "1"]
[Result "0-1"]
[Date "2024.10.05"]
[WhiteElo "1746"]
[BlackElo "2026"]
[PlyCount "164"]
[EventDate "2024.10.05"]
[EventType "swiss"]
[EventRounds "9"]
[EventCountry "ITA"]
[SourceTitle "CB44_2024"]
[Source "Chessbase"]
[SourceDate "2024.10.30"]
[SourceVersion "1"]
[SourceVersionDate "2024.10.30"]
[SourceQuality "1"]

1. d4 d5 2. Nf3 Nf6 3. c3 e6 4. Bf4 Bd6 5. e3 0-0 6. Bd3 c5 7. Bxd6 Qxd6 8. Nbd2 Nc6 9. 0-0 e5 10. dxe5 Nxe5 11. Nxe5 Qxe5 12. Nf3 Qe7 13. h3 Bd7 14. Qc2 Bc6 15. Be2 Rfe8 16. Rfe1 Rad8 17. Rad1 h6 18. Nd2 d4 19. cxd4 cxd4 20. exd4 Rxd4 21. Nf3 Re4 22. Bd3 Rxe1+ 23. Rxe1 Qd8 24. Rxe8+ Qxe8 25. Qe2 Qxe2 26. Bxe2 Bxf3 27. Bxf3 b6 28. Bc6 Kf8 29. Kf1 Ke7 30. Ke2 Kd6 31. Bf3 Ke5 32. Ke3 g5 33. g4 Nd7 34. Bc6 Nc5 35. Be8 f6 36. Bc6 Ne6 37. Bb5 Nf4 38. Bf1 Kd5 39. b3 Ke5 40. a3 a5 41. b4 axb4 42. axb4 Nd5+ 43. Kd3 Nxb4+ 44. Kc4 Nd5 45. Kb5 Kd6 46. Kc4 Nc7 47. Kd4 b5 48. Ke4 Ke6 49. f4 Nd5 50. fxg5 hxg5 51. Kd4 Nf4 52. Bxb5 Nxh3 53. Be2 Nf4 54. Bf3 Ng6 55. Bd1 Ne7 56. Ke4 Kd6 57. Kd4 Nc6+ 58. Ke4 Nb4 59. Kf5 Ke7 60. Be2 Nd5 61. Bf3 Ne3+ 62. Ke4 Nc4 63. Kf5 Nd6+ 64. Kg6 Ke6 65. Bd1 Ke5 66. Bc2 Ne4 67. Bd1 Kf4 68. Bc2 Nf2 69. Kxf6 Nxg4+ 70. Ke6 Nf2 71. Bf5 Nd1 72. Kf6 Ne3 73. Bc8 Nd5+ 74. Ke6 Nb6 75. Bb7 g4 76. Kf6 Nc4 77. Kg6 Ne5+ 78. Kh5 Nf3 79. Ba8 g3 80. Bxf3 Kxf3 81. Kh4 g2 82. Kh3 g1Q 0-1

[Event "Arco op 45th"]
[White "Pauw, Martijn"]
[Black "Schleime, Franz Josef"]
[Site "Arco"]
[Round "2"]
[Result "1-0"]
[Date "2023.10.08"]
[WhiteElo "1952"]
[BlackElo "1640"]
[PlyCount "99"]
[EventDate "2023.10.07"]
[EventType "swiss"]
[EventRounds "9"]
[EventCountry "ITA"]
[SourceTitle "CBM 216 Extra"]
[Source "ChessBase"]
[SourceDate "2023.11.30"]
[SourceVersion "1"]
[SourceVersionDate "2023.11.30"]
[SourceQuality "1"]

1. e4 c5 2. Nf3 e6 3. Nc3 a6 4. g3 b6 5. Bg2 Bb7 6. 0-0 d6 7. d4 cxd4 8. Nxd4 Nd7 9. Re1 Be7 10. e5 Bxg2 11. exd6 Bb7 12. dxe7 Nxe7 13. Qg4 Nf8 14. Qxg7 Rg8 15. Qf6 Rg6 16. Qh4 Nd5 17. Qxd8+ Rxd8 18. Nxd5 Rxd5 19. Ne2 Re5 20. Be3 Nd7 21. Nf4 Rg4 22. h3 Rg8 23. Rad1 Ke7 24. c4 Bf3 25. Rc1 Rc8 26. b3 Rd8 27. Kh2 Nc5 28. Bxc5+ Rxc5 29. Re3 Bb7 30. Rd3 Re5 31. Rxd8 Kxd8 32. Rd1+ Ke7 33. Kg1 Bf3 34. Rc1 Re4 35. Kf1 Rd4 36. Ke1 e5 37. Ne2 Re4 38. Rc2 f5 39. Rd2 Ke6 40. Kf1 Bh5 41. Nc3 Rd4 42. Rxd4 exd4 43. Nd5 Bf3 44. Nxb6 Ke5 45. Ke1 d3 46. Kd2 Kd4 47. Nd5 Be4 48. Nf4 a5 49. a4 h6 50. h4 1-0

[Event "Rhein Main op-A 16th"]
[White "Muhic, Sulejman"]
[Black "Schleime, Franz Josef"]
[Site "Bad Homburg"]
[Round "7"]
[Result "1-0"]
[Date "2013.06.02"]
[WhiteElo "1985"]
[BlackElo "1751"]
[PlyCount "41"]
[EventDate "2013.05.29"]
[EventType "swiss"]
[EventRounds "7"]
[EventCountry "GER"]
[SourceTitle "EXT 2014"]
[Source "ChessBase"]
[SourceDate "2013.11.20"]
[SourceVersion "1"]
[SourceVersionDate "2013.11.20"]
[SourceQuality "1"]

1. e4 c5 2. Nf3 e6 3. d4 cxd4 4. Nxd4 a6 5. Be3 Nf6 6. Bd3 Qc7 7. 0-0 d6 8. f4 Be7 9. Nc3 Nbd7 10. Be2 b6 11. Bf3 Bb7 12. Qe2 Nc5 13. Bf2 Ncd7 14. Rad1 Rd8 15. Kh1 Qb8 16. Bg3 0-0 17. e5 dxe5 18. fxe5 Nd5 19. Nxd5 Bxd5 20. Bxd5 exd5 21. Nc6 1-0

[Event "Rhein Main op-A 16th"]
[White "Schleime, Franz Josef"]
[Black "Braunberger, Gerald"]
[Site "Bad Homburg"]
[Round "2"]
[Result "1/2-1/2"]
[Date "2013.05.30"]
[WhiteElo "1751"]
[BlackElo "1961"]
[PlyCount "79"]
[EventDate "2013.05.29"]
[EventType "swiss"]
[EventRounds "7"]
[EventCountry "GER"]
[SourceTitle "EXT 2014"]
[Source "ChessBase"]
[SourceDate "2013.11.20"]
[SourceVersion "1"]
[SourceVersionDate "2013.11.20"]
[SourceQuality "1"]

1. d4 Nf6 2. Nf3 c5 3. c3 b6 4. Bf4 Bb7 5. e3 g6 6. Bd3 Bg7 7. Nbd2 d6 8. h3 Nbd7 9. 0-0 0-0 10. Qe2 d5 11. Ne5 Nxe5 12. Bxe5 Qc8 13. Nf3 a6 14. Rfc1 c4 15. Bc2 b5 16. a3 a5 17. Nd2 Qc6 18. Bxf6 Bxf6 19. e4 e6 20. Qg4 b4 21. e5 Bg7 22. axb4 axb4 23. f4 b3 24. Bd1 Ra2 25. Rxa2 bxa2 26. Ra1 Ra8 27. Qe2 Bf8 28. Nf1 h5 29. Qc2 Bh6 30. g3 Qb6 31. b3 cxb3 32. Qxb3 Qxb3 33. Bxb3 Ra3 34. Nd2 h4 35. Kg2 hxg3 36. Kxg3 g5 37. Kf3 gxf4 38. Rxa2 Rxa2 39. Bxa2 Kg7 40. Kg4 1/2-1/2

[Event "Merano Gold Cup 40th"]
[White "Stratmann, Dietrich"]
[Black "Schleime, Franz Josef"]
[Site "Merano"]
[Round "3"]
[Result "0-1"]
[Date "2012.04.??"]
[WhiteElo "1726"]
[BlackElo "1777"]
[PlyCount "58"]
[EventDate "2012.04.13"]
[EventType "swiss"]
[EventRounds "9"]
[EventCountry "ITA"]
[SourceTitle "EXT 2015"]
[Source "ChessBase"]
[SourceDate "2014.11.20"]
[SourceVersion "1"]
[SourceVersionDate "2014.11.20"]
[SourceQuality "1"]

1. d4 Nf6 2. Nf3 e6 3. e3 g6 4. c4 Bg7 5. Nc3 d5 6. b3 0-0 7. Bd3 Nbd7 8. cxd5 exd5 9. 0-0 Re8 10. Qc2 a6 11. a4 b6 12. Bb2 Bb7 13. Rac1 Rc8 14. Qe2 Ra8 15. b4 c5 16. bxc5 bxc5 17. dxc5 Nxc5 18. Bc2 Nfe4 19. Nd4 Bxd4 20. Nxe4 Bxb2 21. Nxc5 Bxc1 22. Nxb7 Qc8 23. Rxc1 Qxb7 24. Rb1 Qc6 25. Qd3 Qc4 26. h4 Qxh4 27. Qxd5 Rad8 28. Qb7 Rd2 29. g3 Qf6 0-1

[Event "Bayern-chB 77th"]
[White "Schleime, Franz Josef"]
[Black "Hoennekes, Klaus"]
[Site "Bad Woerishofen"]
[Round "4"]
[Result "1/2-1/2"]
[Date "2006.08.28"]
[WhiteElo "1678"]
[BlackElo "1992"]
[PlyCount "53"]
[EventDate "2006.08.26"]
[EventType "swiss"]
[EventRounds "9"]
[EventCountry "GER"]
[SourceTitle "EXT 2015"]
[Source "ChessBase"]
[SourceDate "2014.11.20"]
[SourceVersion "1"]
[SourceVersionDate "2014.11.20"]
[SourceQuality "1"]

1. d4 f5 2. Nf3 Nf6 3. Nc3 g6 4. Bg5 Bg7 5. Bxf6 Bxf6 6. e4 fxe4 7. Nxe4 d5 8. Nxf6+ exf6 9. Qe2+ Kf7 10. 0-0-0 Nc6 11. h4 h5 12. Qd2 Ne7 13. Bd3 Qd6 14. Rde1 Bf5 15. Re2 Bxd3 16. Qxd3 Rae8 17. Rhe1 Nf5 18. Qb5 Qc6 19. Qxc6 bxc6 20. g3 Rxe2 21. Rxe2 Rb8 22. c3 Rb5 23. Nd2 c5 24. a4 Ra5 25. Nb3 Rxa4 26. Nxc5 Ra1+ 27. Kc2 1/2-1/2

[Event "Moehnesee Cup-B"]
[White "Schleime, Franz Josef"]
[Black "Hoffmann, Petra"]
[Site "Moehnesee"]
[Round "7"]
[Result "1/2-1/2"]
[Date "2005.08.21"]
[WhiteElo "1595"]
[BlackElo "1729"]
[PlyCount "63"]
[EventDate "2005.08.18"]
[EventType "swiss"]
[EventRounds "7"]
[EventCountry "GER"]
[SourceTitle "CBM 108 Extra"]
[Source "ChessBase"]
[SourceDate "2005.11.04"]
[SourceVersion "1"]
[SourceVersionDate "2005.11.04"]
[SourceQuality "1"]

1. d4 d5 2. Nf3 Bg4 3. e3 Nf6 4. c4 Nbd7 5. cxd5 Nxd5 6. Qb3 Bxf3 7. gxf3 N7b6 8. e4 Nf6 9. Be3 e6 10. Nc3 Be7 11. Rd1 0-0 12. Bc4 Qc8 13. Rc1 Qd7 14. Rf1 Rfd8 15. a3 Rac8 16. Bb5 c6 17. Be2 Rc7 18. a4 Nc8 19. Bf4 e5 20. dxe5 Nh5 21. e6 fxe6 22. Rd1 Nd6 23. Bxd6 Bxd6 24. e5 Nf4 25. Rxd6 Qe7 26. Rxd8+ Qxd8 27. Ne4 Qd4 28. Qc3 Qxa4 29. Qd2 Qa1+ 30. Qd1 Qa5+ 31. Nc3 Qxe5 32. Rg1 1/2-1/2